000 00515cam a2200205ua 4500
001 8572
008 150206n ii |||gr||||Z||||||eng
020 _a033922107
040 _cMAIN
041 _aeng
082 _a414.8
100 _aBalasubramanian, T.,
_eAuthor.
245 _aEnglish phonetics for Indian students
_cBy T. Balasubramanian
250 _a1st.
260 _aNew Delhi:
_bMacmillan,
_c1992.
300 _av,143p.
653 _aPhonology & phonetics
653 _aEnglish phonetics
942 _cBK
999 _c7673
_d7673